Ngược Bắc xuôi Nam: Hồi ký
Gardado en:
| Autor Principal: | |
|---|---|
| Formato: | Libro |
| Idioma: | Undetermined |
| Publicado: |
Tp. Hồ Chí Minh
Trẻ
2003
|
| Những chủ đề: | |
| Các nhãn: |
Engadir etiqueta
Sen Etiquetas, Sexa o primeiro en etiquetar este rexistro!
|
| Thư viện lưu trữ: | Trung tâm Học liệu Trường Đại học Cần Thơ |
|---|
| LEADER | 00584nam a2200217Ia 4500 | ||
|---|---|---|---|
| 001 | CTU_87290 | ||
| 008 | 210402s9999 xx 000 0 und d | ||
| 020 | |c 27000 | ||
| 082 | |a 959.7043092 | ||
| 082 | |b L120 | ||
| 100 | |a Nguyễn Thế Lâm | ||
| 245 | 0 | |a Ngược Bắc xuôi Nam: | |
| 245 | 0 | |b Hồi ký | |
| 245 | 0 | |c Nguyễn Thế Lâm | |
| 260 | |a Tp. Hồ Chí Minh | ||
| 260 | |b Trẻ | ||
| 260 | |c 2003 | ||
| 650 | |a communists,history | ||
| 650 | |z vietnam,vietnam | ||
| 904 | |i Năm | ||
| 980 | |a Trung tâm Học liệu Trường Đại học Cần Thơ | ||